000 00404cam a2200157ua 4500
041 _aeng
_h
082 _a581
_bLAW/IN
100 _aLawrence, George H M .
245 _aIntroduction to plant taxonomy /
_cGeorge H M Lawrence.
_hTextual Documents
250 _a1 /
_b.
260 _aAllahabad :
_bCentral Book Depot ,
_c1955.
300 _a179 ; .
504 _a
942 _cBK
999 _c8746
_d8746